UITU Library & LRC     

Drowsiness Detection System (Record no. 32431)

MARC details
000 -LEADER
fixed length control field 00599nam a2200145Ia 4500
008 - FIXED-LENGTH DATA ELEMENTS--GENERAL INFORMATION
fixed length control field 260210s9999 xx 000 0 und d
024 ## - OTHER STANDARD IDENTIFIER
Standard number or code 15B-005-CS, 15B-097-CS, 15B-085-CS & 15B-004-CS
082 ## - DEWEY DECIMAL CLASSIFICATION NUMBER
Classification number 005.34072 SYE
100 ## - MAIN ENTRY--PERSONAL NAME
Personal name Syed Muhammad Arsalan Nasir, Hammad Hussain Fatmi, Salman Bin Khalid & Usama Mehmood
245 #0 - TITLE STATEMENT
Title Drowsiness Detection System
260 ## - PUBLICATION, DISTRIBUTION, ETC.
Place of publication, distribution, etc. Karachi:
Name of publisher, distributor, etc. UITU,
Date of publication, distribution, etc. 2015
600 ## - SUBJECT ADDED ENTRY--PERSONAL NAME
Personal name Computer Science
650 ## - SUBJECT ADDED ENTRY--TOPICAL TERM
Topical term or geographic name entry element Bachelor of Computer Science (BS)
856 ## - ELECTRONIC LOCATION AND ACCESS
Uniform Resource Identifier <a href="https://drive.google.com/file/d/1NGRDwtUrcLQcx8iMUVoMinHhdjy1GEiW/view?usp=sharing">https://drive.google.com/file/d/1NGRDwtUrcLQcx8iMUVoMinHhdjy1GEiW/view?usp=sharing</a>
Link text Click here for PDF

No items available.

Powered by Koha